Top 12 Utah Jazz Players of All-Time - Statistics

General Stats
  • This quiz has been taken 197 times
    185 since last reset
  • The average score is 7 of 12
Answer Stats
# Player Win Shares % Correct
1 Karl Malone 230.3
100%
2 John Stockton 207.7
99%
3 Rudy Gobert 86.6
83%
11 Mark Eaton 44.8
70%
9 Deron Williams 46.7
63%
4 Adrian Dantley 78.4
60%
6 Jeff Hornacek 55.0
56%
12 Gordon Hayward 43.0
54%
5 Andrei Kirilenko 68.2
47%
8 Paul Millsap 48.1
25%
10 Mehmet Okur 45.0
24%
7 Derrick Favors 52.7
20%
No matching quizzes found
Score Distribution
Percent of People with Each Score
Percentile by Number Answered
Your Score History
You have not taken this quiz since the last reset